000
00279nam a2200109Ia 4500
001
1272253
005
20260417151425.0
008
260417s9999 xx 000 0 und d
020
_a
9786256910010
245
0
_a
Masal Krallığı - Biruni
_c
Didem Demirel
260
_b
Ketebe Çocuk
999
_c
1272253
_d
1272253